000 00244nam a22000977a 4500
003 SGT
245 _aInternational Journal of Oral & maxillofacial Implants
260 _bQuintessence Publisher
_c2022
300 _a1-607,608-1267
942 _2ddc
_cBV
999 _c30408
_d30408